Načítá se...

Rise, fall, and persistence in Kadakkodi: an enquiry into the evolution of a community institution for fishery management in Kerala, India

Against the backdropof a community-based fishery management institution called kadakkodi, this paper addresses the question of how institutions evolve, innovate, or disintegrate. It explains how institutional evolution is determined by factors like relative resource endowment, technology, cultural e...

Celý popis

Podrobná bibliografie
Hlavní autor: ANTONYTO PAUL
Médium: Printed Book
Vydáno: Environment and Development Economics 10: 33-51 2005
On-line přístup:http://10.26.1.76/ks/001713.pdf
LEADER 012970000a22001330004500
100 |a ANTONYTO PAUL 
245 |a Rise, fall, and persistence in Kadakkodi: an enquiry into the evolution of a community institution for fishery management in Kerala, India 
260 |c 2005 
260 |b Environment and Development Economics 10: 33-51 
520 |a Against the backdropof a community-based fishery management institution called kadakkodi, this paper addresses the question of how institutions evolve, innovate, or disintegrate. It explains how institutional evolution is determined by factors like relative resource endowment, technology, cultural endowment, and inherited institutional structures. The strength of such informal institutions in facilitating effective resource management admitted, the paper argues that in the wake of increasing resource-related, technological, cultural and institutional heterogeneities, they may fail to perform and hence are no panacea to the problems of resource management. Such predicaments may call for complementary formal institutions whose supply, however, would depend on the cost of collective action.  
856 |u http://10.26.1.76/ks/001713.pdf 
942 |c KS 
999 |c 71101  |d 71101 
952 |0 0  |1 0  |4 0  |7 0  |9 63065  |a MGUL  |b MGUL  |d 2015-08-01  |l 0  |r 2015-08-01  |w 2015-08-01  |y KS